| 000 | 00657nam a2200241Ia 4500 | ||
|---|---|---|---|
| 003 | OSt | ||
| 005 | 20221005133555.0 | ||
| 006 | a|||||r|||| 00| 0 | ||
| 007 | ta | ||
| 008 | 221004b |||||||| |||| 00| 0 hin d | ||
| 024 | _a23707 | ||
| 037 | _cTextual | ||
| 040 |
_aCRL _cCRL _bhin |
||
| 041 |
_2hin _ahin |
||
| 082 | _aQ32:g, N7 | ||
| 100 | _aजैन, रमेशचन्द | ||
| 245 | 0 | _aदिगम्बरत्व की खोज | |
| 246 | _aDigambaratva kī khoja | ||
| 260 | _c1997 | ||
| 300 |
_a394चण् _ccm. |
||
| 942 |
_hQ32:g, N7 _cTEXL _2cc |
||
| 999 |
_c1067259 _d1067259 |
||